| 000 | 01430cam a2200385 a 4500 | ||
|---|---|---|---|
| 999 |
_c234649 _d234649 |
||
| 001 | 14068997 | ||
| 003 | Nust | ||
| 005 | 20190423105117.0 | ||
| 008 | 050809r20061998nyu 000 1 eng | ||
| 010 | _a 2005053600 | ||
| 020 | _a9780749952570 (pbk.) | ||
| 038 | _aArshad | ||
| 040 |
_aDLC _cDLC _dDLC |
||
| 043 |
_an-us-md _an-us-va |
||
| 050 | 0 | 0 |
_aPS3568.O243 _bS43 2006 |
| 082 | 0 | 0 |
_a813.54 _bROB |
| 100 | 1 |
_aRoberts, Nora. _94521 |
|
| 245 | 1 | 4 |
_aSea swept / _cNora Roberts. |
| 260 |
_aNew York : _bBerkley Books, _c2006. |
||
| 300 |
_a359 p. ; _c23 cm. |
||
| 505 | 0 | _aSea swept -- Rising tides. | |
| 650 | 0 |
_aBoatbuilding _xFiction. _914138 |
|
| 650 | 0 |
_aBrothers _vFiction. _98009 |
|
| 650 | 0 |
_aAdoptees _vFiction. _911650 |
|
| 651 | 0 |
_aChesapeake Bay Region (Md. and Va.) _vFiction. _914139 |
|
| 651 | 0 |
_aEastern Shore (Md. and Va.) _vFiction. _914140 |
|
| 655 | 7 |
_aDomestic fiction. _2lcsh _94525 |
|
| 655 | 7 |
_aLove stories. _2gsafd _9418 |
|
| 700 | 1 | 2 |
_aRoberts, Nora. _tRising tides. _914141 |
| 856 | 4 | 2 |
_3Contributor biographical information _uhttp://www.loc.gov/catdir/enhancements/fy0717/2005053600-b.html |
| 856 | 4 | 2 |
_3Publisher description _uhttp://www.loc.gov/catdir/enhancements/fy0717/2005053600-d.html |
| 906 |
_a7 _bcbc _corignew _d1 _eocip _f20 _gy-gencatlg |
||
| 942 |
_2ddc _cBK |
||